[Event "Galego-ch U18"]
[Site "Ferrol"]
[Date "2018.02.10"]
[Round "2"]
[White "Garcia Alvarez, Paula"]
[Black "Represa Perez, Mireya"]
[Result "0-1"]
[WhiteElo "1676"]
[BlackElo "2047"]
[PlyCount "64"]
[EventDate "2018.02.10"]
[EventType "swiss"]
[EventRounds "8"]
[EventCountry "ESP"]
[SourceTitle "EXT 2024"]
[Source "ChessBase"]
[SourceDate "2023.10.10"]
[SourceVersion "1"]
[SourceVersionDate "2023.10.10"]
[SourceQuality "1"]

1. b3 d5 2. Bb2 Bg4 3. Nf3 Nd7 4. e3 e6 5. Be2 Ngf6 6. 0-0 Bd6 7. Nd4 Bxe2 8. Qxe2 c6 9. f4 Qc7 10. d3 0-0-0 11. h3 h5 12. Nd2 Rdg8 13. c4 g5 14. fxg5 Rxg5 15. Nxe6 fxe6 16. Rxf6 Be5 17. Bxe5 Qxe5 18. Rff1 Rhg8 19. Rad1 Qg3 20. Rf2 Qxh3 21. Nf3 Rg4 22. e4 dxe4 23. dxe4 Nc5 24. Qc2 Rg3 25. Rdf1 Nd3 26. Rd2 Nf4 27. Ne1 Qh4 28. Rf3 Rh3 29. Rxh3 Qxe1+ 30. Kh2 Nxh3 31. Rd1 Qg3+ 32. Kh1 Nf2+ 0-1

[Event "ESP-chT Regional U14"]
[Site "Padron"]
[Date "2016.06.26"]
[Round "6.13"]
[White "Guillo Longares, Cecilia"]
[Black "Garcia Alvarez, Paula"]
[Result "1-0"]
[WhiteElo "1914"]
[BlackElo "1512"]
[PlyCount "63"]
[EventDate "2016.06.23"]
[EventType "team-swiss"]
[EventRounds "6"]
[EventCountry "ESP"]
[SourceTitle "EXT 2017"]
[Source "ChessBase"]
[SourceDate "2016.10.25"]
[SourceVersion "1"]
[SourceVersionDate "2016.10.25"]
[SourceQuality "1"]
[WhiteTeam "Madrid"]
[BlackTeam "Galicia"]
[WhiteTeamCountry "ESP"]
[BlackTeamCountry "ESP"]

1. d4 f5 2. c4 Nf6 3. Nc3 g6 4. Nf3 Bg7 5. Bf4 0-0 6. e3 d6 7. Be2 Nbd7 8. Qc2 a6 9. d5 e5 10. Bg5 e4 11. Nd4 Ne5 12. Rb1 Qe8 13. b4 Nfd7 14. Ne6 Qf7 15. Nxf8 Qxf8 16. Bf4 Qf6 17. Na4 Nf7 18. h4 Nfe5 19. c5 dxc5 20. Nxc5 c6 21. Bg5 Qf8 22. Ne6 Qf7 23. Nxg7 Qxg7 24. dxc6 Nxc6 25. Bc4+ Kh8 26. Bd5 Nde5 27. a3 Nd3+ 28. Ke2 h6 29. h5 Nd4+ 30. exd4 Qxd4 31. hxg6 Qxd5 32. Bf6+ 1-0

[Event "Galego-ch U14"]
[Site "Viveiro"]
[Date "2016.02.09"]
[Round "7.3"]
[White "Garcia Alvarez, Paula"]
[Black "Pena Varela, Martin"]
[Result "1/2-1/2"]
[WhiteElo "1537"]
[BlackElo "1687"]
[PlyCount "55"]
[EventDate "2016.02.06"]
[EventType "swiss"]
[EventRounds "8"]
[EventCountry "ESP"]
[SourceTitle "EXT 2024"]
[Source "ChessBase"]
[SourceDate "2023.10.10"]
[SourceVersion "1"]
[SourceVersionDate "2023.10.10"]
[SourceQuality "1"]

1. b3 e5 2. Bb2 Nc6 3. e3 Nf6 4. Bb5 Bd6 5. Ne2 0-0 6. 0-0 a6 7. Bxc6 dxc6 8. f4 Re8 9. h3 b5 10. Nc1 exf4 11. exf4 Nd5 12. Ne2 Qh4 13. Nbc3 Nxc3 14. Bxc3 Re6 15. Qe1 Qe7 16. Qg3 Rg6 17. Qf3 Bf5 18. d3 Bxh3 19. Qxh3 Qxe2 20. Rf2 Qg4 21. Qe3 Re6 22. Qf3 Qxf3 23. Rxf3 f6 24. Kf1 Rae8 25. Rf2 b4 26. Bd2 Bc5 27. Rf3 Re2 28. Re1 1/2-1/2

[Event "Galego-ch U14"]
[Site "Viveiro"]
[Date "2016.02.06"]
[Round "2"]
[White "Garcia Alvarez, Paula"]
[Black "Iglesias Gonzalez, Sabela"]
[Result "1-0"]
[WhiteElo "1537"]
[BlackElo "1256"]
[PlyCount "145"]
[EventDate "2016.02.06"]
[EventType "swiss"]
[EventRounds "8"]
[EventCountry "ESP"]
[SourceTitle "EXT 2024"]
[Source "ChessBase"]
[SourceDate "2023.10.10"]
[SourceVersion "1"]
[SourceVersionDate "2023.10.10"]
[SourceQuality "1"]

1. b3 d5 2. Bb2 Bg4 3. h3 Bh5 4. g4 Bg6 5. Bg2 Nf6 6. Nf3 Nbd7 7. d3 e6 8. Nh4 Bd6 9. Nxg6 hxg6 10. Nd2 Qe7 11. e3 c6 12. Qe2 Ba3 13. 0-0-0 Bxb2+ 14. Kxb2 a5 15. e4 dxe4 16. dxe4 a4 17. Nc4 0-0 18. Ra1 b5 19. Nd2 Qc5 20. c3 b4 21. cxb4 Qxb4 22. Qd3 Nc5 23. Qc3 Rfd8 24. Qxb4 Nd3+ 25. Kc3 Nxb4 26. Nc4 c5 27. a3 Rd3+ 28. Kb2 Rxb3+ 29. Kc1 Rc3+ 30. Kd2 Rxc4 31. axb4 cxb4 32. Rhb1 Nxe4+ 33. Kd3 Nd6 34. Bxa8 Rc3+ 35. Kd2 Nc4+ 36. Kd1 a3 37. Rxb4 Nb2+ 38. Kd2 Rd3+ 39. Kc2 Rxh3 40. Rh1 Rxh1 41. Bxh1 f5 42. gxf5 gxf5 43. Bf3 Kf7 44. Be2 g5 45. Kb3 f4 46. Kxa3 f3 47. Bxf3 Nd3 48. Rb7+ Kf6 49. Rb6 Kf5 50. Bb7 Nxf2 51. Bc8 g4 52. Bxe6+ Kf4 53. Rb4+ Kf3 54. Bd5+ Kg3 55. Rb8 Kh2 56. Rg8 g3 57. Bf3 Nd3 58. Kb3 Ne1 59. Bb7 g2 60. Rh8+ Kg3 61. Rg8+ Kf2 62. Bxg2 Nxg2 63. Kc2 Ne3+ 64. Kd3 Ng2 65. Rf8+ Kg3 66. Ke4 Nh4 67. Rf7 Kh3 68. Rg7 Kh2 69. Kf4 Ng2+ 70. Kf3 Kh1 71. Kf2 Nf4 72. Rh7+ Nh3+ 73. Rxh3# 1-0

[Event "Arteixo Concello U2200 op 15th"]
[Site "Arteixo"]
[Date "2014.07.26"]
[Round "4.10"]
[White "Mendoza Verdes, Miguel Angel"]
[Black "Garcia Alvarez, Paula"]
[Result "0-1"]
[WhiteElo "1554"]
[BlackElo "1417"]
[PlyCount "76"]
[EventDate "2014.07.25"]
[EventType "swiss"]
[EventRounds "6"]
[EventCountry "ESP"]
[SourceTitle "EXT 2024"]
[Source "ChessBase"]
[SourceDate "2023.10.10"]
[SourceVersion "1"]
[SourceVersionDate "2023.10.10"]
[SourceQuality "1"]

1. e4 g6 2. d4 Bg7 3. c4 d6 4. Nc3 Nf6 5. Nf3 0-0 6. Be2 Nbd7 7. 0-0 Re8 8. h3 a5 9. a4 e5 10. d5 Nc5 11. Be3 Nfxe4 12. Nxe4 Nxe4 13. Bd3 Nf6 14. Bc2 e4 15. Nd4 Nd7 16. Rb1 Nb6 17. b3 Nd7 18. f3 exf3 19. Qxf3 Ne5 20. Qf2 Qe7 21. Rbe1 Rf8 22. Nf3 Qf6 23. Nxe5 Qxf2+ 24. Rxf2 Bxe5 25. Ref1 Bd7 26. Bh6 Bd4 27. Bxf8 Bxf2+ 28. Kxf2 Kxf8 29. Re1 Re8 30. Rxe8+ Kxe8 31. Kf3 Ke7 32. Kf4 Kf6 33. h4 h5 34. g3 Bg4 35. Be4 Bd1 36. b4 axb4 37. a5 b3 38. Ke3 Bc2 0-1